000 00281nam a22001097a 4500
008 170120b xxu||||| |||| 00| 0 eng d
020 _a2900781745009
041 _aeng
080 _210TH
_a618.2
245 _aTEXTBOOK OF MEDICAL SURGICAL NURSING
_cBRUNNER & SUDDARTH
942 _2udc
_cBK
999 _c3218
_d3218